| 000 | 00354nam a2200121 u 4500 | ||
|---|---|---|---|
| 001 | 000020360 | ||
| 005 | 20200929170401.0 | ||
| 008 | 100813s20uu dr 000 0 spa d | ||
| 040 |
_aDO-SdBNP _bspa _cBNPHU |
||
| 082 |
_axxx _bxxxx |
||
| 245 | 1 | 0 |
_a¿Que es eso? amigo-amistad : _bFátima Inginia Ulloa Vásquez. |
| 260 |
_a[Santo Domingo], : _b[s. n], _c[20--]. |
||
| 999 |
_c19864 _d19864 |
||